Tập bản vẽ thi công xây dựng
Kaydedildi:
| Yazar: | |
|---|---|
| Materyal Türü: | Kitap |
| Dil: | Undetermined |
| Baskı/Yayın Bilgisi: |
H.
Xây dựng
2009
|
| Konular: | |
| Online Erişim: | http://lrc.tdmu.edu.vn/opac/search/detail.asp?aID=2&ID=3597 |
| Etiketler: |
Etiketle
Etiket eklenmemiş, İlk siz ekleyin!
|
| Thư viện lưu trữ: | Trung tâm Học liệu Trường Đại học Thủ Dầu Một |
|---|
| LEADER | 00611nam a2200193Ia 4500 | ||
|---|---|---|---|
| 001 | TDMU_3597 | ||
| 008 | 210410s9999 xx 000 0 und d | ||
| 082 | |a 692 | ||
| 090 | |b L46 | ||
| 100 | |a Lê, Văn Kiểm | ||
| 245 | 0 | |a Tập bản vẽ thi công xây dựng | |
| 245 | 0 | |c Lê Văn Kiểm | |
| 260 | |a H. | ||
| 260 | |b Xây dựng | ||
| 260 | |c 2009 | ||
| 300 | |a 179tr. | ||
| 650 | |a Xây dựng |x Bản vẽ thi công; Vẽ kỹ thuật | ||
| 856 | |u http://lrc.tdmu.edu.vn/opac/search/detail.asp?aID=2&ID=3597 | ||
| 980 | |a Trung tâm Học liệu Trường Đại học Thủ Dầu Một | ||